Geoquímica / (Record no. 124059)

MARC details
000 -LEADER
campo de control de longitud fija 00734nam a2200205 i 4500
001 - NÚMERO DE CONTROL
campo de control 124059
003 - IDENTIFICADOR DE NÚMERO DE CONTROL
campo de control ES-MaACL
005 - FECHA Y HORA DE LA ÚLTIMA TRANSACCIÓN
campo de control 20230906192317.0
007 - CAMPO FIJO DE DESCRIPCIÓN FÍSICA--INFORMACIÓN GENERAL
campo de control de longitud fija t|
008 - DATOS DE LONGITUD FIJA--INFORMACIÓN GENERAL
campo de control de longitud fija 070214s1954 sp r ||||1| spa d
100 1# - ENTRADA PRINCIPAL--NOMBRE DE PERSONA
Nombre de persona Rankama, Kalervo.
9 (RLIN) 95424
245 10 - MENCIÓN DEL TÍTULO
Título Geoquímica /
Mención de responsabilidad, etc. Kalervo Rankama, Th. G. Sahama ; traducción del inglés por Ignacio Bolivar Izquierdo ; nota preliminar de Gabriel Martín Cardoso, Isidro Parga Pondal.
260 ## - PUBLICACIÓN, DISTRIBUCIÓN, ETC.
Lugar de publicación, distribución, etc. Madrid :
Nombre del editor, distribuidor, etc. Aguilar,
Fecha de publicación, distribución, etc. 1954.
300 ## - DESCRIPCIÓN FÍSICA
Extensión XXIV, 862 p. ;
Dimensiones 22 cm.
700 1# - ENTRADA AGREGADA--NOMBRE PERSONAL
Nombre de persona Sahama, Th. G.
9 (RLIN) 101475
700 1# - ENTRADA AGREGADA--NOMBRE PERSONAL
Nombre de persona Martín Cardoso, Gabriel.
9 (RLIN) 77430
700 1# - ENTRADA AGREGADA--NOMBRE PERSONAL
Nombre de persona Parga Pondal, Isidro.
9 (RLIN) 89116
700 1# - ENTRADA AGREGADA--NOMBRE PERSONAL
Nombre de persona Bolívar Izquierdo, Ignacio.
9 (RLIN) 165377
852 ## - LOCALIZACIÓN
Ubicación ES-MaACL
Número de control de estantería C-8022
Sublocalización o colección R.36105
Holdings
Estatus retirado Estado de pérdida Estado de daño No para préstamo Biblioteca de origen Biblioteca actual Ubicación en estantería Fecha de adquisición Fuente de adquisición Total de préstamos Signatura topográfica completa Código de barras Visto por última vez Precio de reemplazo Tipo de ítem Koha
        Biblioteca del Ateneo de Madrid Biblioteca del Ateneo de Madrid Sala Palomar 17/01/2008     C-8022 1129247 23/02/2023 23/02/2023 Libro impreso